000 00573nam a2200181Ia 4500
008 151018s9999 xx 000 0 und d
082 _bRBASDV33077
_a891.464
100 _aज्ञानेश महाराव
245 _aउत्तर क्रिया
250 _b1
260 _bपुण्य
_c2000
300 _a223
600 _aज्ञानेश महाराव
630 _aउत्तर क्रिया
700 _aज्ञानेश महाराव
730 _aउत्तर क्रिया
942 _cBOOK
999 _c1032597
_d1032594